Normal view
MARC view
Entry Personal Name
001 - CONTROL NUMBER
- control field: 249463
003 - CONTROL NUMBER IDENTIFIER
- control field: OSt
005 - DATE AND TIME OF LATEST TRANSACTION
- control field: 20251218142203.0
008 - FIXED-LENGTH DATA ELEMENTS
- fixed length control field: 251218|| aca||aabn | a|a d
040 ## - CATALOGING SOURCE
- Original cataloging agency: OSt
- Transcribing agency: OSt
100 ## - HEADING--PERSONAL NAME
- Personal name: VINA BANNANJE
- Dates associated with a name: ವೀಣಾ ಬನ್ನಂಜೆ
670 ## - SOURCE DATA FOUND
- Source citation: Work cat.: (OSt)152634: VINA BANNANJE ವೀಣಾ ಬನ್ನಂಜೆ , Summane: satyakamara odanata, 2013